Cozinha vegetariana rápida e prática (Record no. 15646)

MARC details
000 -Etiqueta do registo
Valores 00598nam a2200193 4500
010 ## - Número ISBN
ISBN 9789896921545
021 ## - Número do Depósito Legal
Número 459644/19
100 ## - Dados gerais de processamento
Dados gerais 20200609d2019 m y0pory50030103ba
200 1# - Titulo e menção de responsabilidade
Título próprio Cozinha vegetariana rápida e prática
Primeira menção de responsabilidade Gabriela Oliveira
205 ## - Menção da edição
Edição 1ª ed.
210 #9 - Publicação
Local de publicação [S.l.]
Nome do editor Arteplural,
Data de publicação 2019
215 ## - Descrição física 
Paginação / Volumes 228, [4] p.
Outras indicações físicas il.
Dimensões 24 cm
675 ## - CDU
Notação 641.56(083.1)
Edição BN
Língua por
700 #1 - Autor principal (pessoa individual)
Apelido Oliveira,
Nome Gabriela,
Datas 1975-
801 #0 - Fonte de origem
País PT
Agência BN
Regras de catalogação RPC
856 41 - Localização e acesso electrónico 
URL <a href="http://rnod.bnportugal.gov.pt/ImagesBN/winlibimg.aspx?skey=&doc=2047511&img=138886&save=true">http://rnod.bnportugal.gov.pt/ImagesBN/winlibimg.aspx?skey=&doc=2047511&img=138886&save=true</a>
990 ## - Elementos KOHA
Tipo de documento Livro
Holdings
Situação do levantamento Estado Biblioteca de origem Código de barras Cota Permissão de empréstimo Tipo de documento Forma de aquisição
    Biblioteca Municipal do Alandroal 15619/21 641,55(083,1) OLI   Livro Compra

Powered by Koha